00929cam a2200265 a 45000010008000000030005000080050017000130080041000300100017000710200015000880380011001030400018001140500021001320820017001531000019001702450095001892600052002843000026003364400021003625040054003836500028004376500038004658560086005038560074005893562117NUST20190927111652.0980803s1999 nyu b 000 0 eng  a 98039566  a0521621208 awaseem aDLCcDLCdDLC00aBF39b.M545 199900a150.287bMIC1 aMichell, Joel.10aMeasurement in psychology :bcritical history of a methodological concept /cJoel Michell. aNew York :bCambridge University Press,cc1999. axvi, 246 p. ;c25 cm. 0aIdeas in context aIncludes bibliographical references (p. 224-242). 0aPsychometricsxHistory. 0aPsychologyxMethodologyxHistory.423Publisher descriptionuhttp://www.loc.gov/catdir/description/cam029/98039566.html413Table of contentsuhttp://www.loc.gov/catdir/toc/cam022/98039566.html